Biologické základy pestovania záhradníckych rastlín

Bibliographic Details
Main Authors: Švihra, Ján, 1930-2011 (Author), Kleňová, Mária 1941- (Author)
Format: Book
Language:Slovak
PhysicalDescription:84 s. tab. 30 cm
Published: V Nitre Slovenská poľnohospodárska univerzita 2011
ISBN:9788055205489
Edition:1. vyd.
Subjects:

MARC

LEADER 00000nam a2200000 a 4500
001 vtls010279077
003 SK-MaSNL
005 20260301031752.0
008 251023s2011 xo l e 000 0 slo
015 |a SNBA2011/12-06150 
020 |a 9788055205489  |q (brož.) 
035 |a 53438FC9-5483-4981-81FA-57DE7E86A962 
035 |a urn:nbn:sk:snk-amjxf8 
035 |a urn:nbn:sk:snk-am007zoj 
040 |a SNK  |b slo  |c SNK  |e AACR2 
041 0 |a slo 
044 |a xo  |c SK 
072 7 |a 635  |x Záhradkárstvo  |2 konspekt 
080 |a 635.1/.9  |2 2001 
080 |a 635.01  |2 2001 
080 |a 581.1  |2 2001 
080 |a (07)  |2 2001 
100 1 |a Švihra, Ján,  |d 1930-2011  |4 aut  |9 194733 
245 1 0 |a Biologické základy pestovania záhradníckych rastlín  |c Ján Švihra, Mária Kleňová 
250 |a 1. vyd. 
260 |a V Nitre  |b Slovenská poľnohospodárska univerzita  |c 2011 
300 |a 84 s.  |b tab.  |c 30 cm 
366 |e 200 výt. 
504 |a Bibliogr. s. 76. Terminol. slov. 
521 |a Účelová publikácia pre študentov Univerzity tretieho veku Slovenskej poľnohospodárskej univerzity v Nitre 
650 0 7 |a záhradné rastliny  |2 SNKPH  |9 2726 
650 0 7 |a pestovanie záhradných rastlín  |2 SNKPH  |9 30897 
650 0 7 |a fyziológia rastlín  |2 SNKPH  |9 1100 
650 0 7 |a Garden plants  |2 SNKPHeng  |9 292043 
650 0 7 |a Garden plants cultivation  |2 SNKPHeng  |9 314976 
650 0 7 |a Plant physiology  |2 SNKPHeng  |9 268544 
655 7 |a učebné texty  |2 SNKPH  |9 70568 
655 7 |a Educational texts  |2 SNKPHeng  |9 277375 
700 1 |a Kleňová, Mária  |d 1941-  |4 aut  |9 15651 
919 |a 9788055205489 
958 |a OND 
958 |a NB 
968 |d 63 
999 |c 577280  |d 579210 
952 |a SNK  |b SNK  |y PREZ  |7 0  |p 17A0702683  |o snkSB 81467  |i snk2011/11299  |8 0  |0 0  |1 0  |4 0  |d 2011-05-17  |f 1  |l 0  |r 2025-05-05 00:00:00  |w 2026-02-23 
952 |a SNK  |b SNK  |y VYP  |7 0  |p 17A0702684  |o snkSB 81467 D1  |i snk2011/11301  |8 0  |0 0  |1 0  |4 0  |d 2011-05-17  |l 0  |r 2016-06-30 00:00:00  |w 2026-02-23